[Event "Isle of Man Major op"]
[Site "Isle of Man"]
[Date "2019.10.17"]
[Round "6"]
[White "Gostelow, David W"]
[Black "Safarian, Alek"]
[Result "1/2-1/2"]
[WhiteElo "1899"]
[BlackElo "1985"]
[PlyCount "90"]
[EventDate "2019.10.12"]
[EventType "swiss"]
[EventRounds "7"]
[EventCountry "IOM"]
[SourceTitle "CBM 192 Extra"]
[Source "Chessbase"]
[SourceDate "2019.11.06"]
[SourceVersion "1"]
[SourceVersionDate "2019.11.06"]
[SourceQuality "1"]

1. d4 d5 2. Bf4 e6 3. Nf3 Nf6 4. e3 c5 5. c3 Nc6 6. Nbd2 Bd6 7. Bg3 0-0 8. Bd3 b6 9. e4 Bxg3 10. hxg3 g6 11. e5 Ne8 12. dxc5 bxc5 13. Bb5 Bd7 14. Qa4 Nb8 15. Qf4 f6 16. Qh6 Qe7 17. Bd3 Qg7 18. Qe3 Qe7 19. Qh6 Qg7 20. Qe3 c4 21. Bc2 Nc6 22. exf6 Nxf6 23. Rh4 e5 24. 0-0-0 e4 25. Ng5 h6 26. Ngxe4 dxe4 27. Nxe4 Rae8 28. Nxf6+ Rxf6 29. Qxh6 Qxh6+ 30. Rxh6 Bg4 31. Rdh1 Re2 32. Bd1 Ne5 33. Bxe2 Bxe2 34. f3 Ra6 35. Kd2 Bd3 36. Rh8+ Kf7 37. R1h7+ Kf6 38. Rf8+ Ke6 39. a3 Rb6 40. Ke3 Rxb2 41. Re8+ Kf6 42. Rf8+ Ke6 43. Re8+ Kf6 44. Rf8+ Ke6 45. Re8+ Kf6 1/2-1/2

[Event "Isle of Man Major op"]
[Site "Isle of Man"]
[Date "2019.10.13"]
[Round "2"]
[White "Livesey, R Nigel"]
[Black "Safarian, Alek"]
[Result "0-1"]
[WhiteElo "1740"]
[BlackElo "1985"]
[PlyCount "78"]
[EventDate "2019.10.12"]
[EventType "swiss"]
[EventRounds "7"]
[EventCountry "IOM"]
[SourceTitle "CBM 192 Extra"]
[Source "Chessbase"]
[SourceDate "2019.11.06"]
[SourceVersion "1"]
[SourceVersionDate "2019.11.06"]
[SourceQuality "1"]

1. c4 e6 2. Nf3 d5 3. g3 c5 4. Bg2 Nc6 5. 0-0 d4 6. d3 Nf6 7. Na3 a6 8. Nc2 Bd6 9. e4 Qc7 10. Qe2 e5 11. Nh4 0-0 12. f4 b5 13. b3 bxc4 14. bxc4 Rb8 15. f5 Qa5 16. Bd2 Qa4 17. Bc1 Rb7 18. h3 Nb4 19. Na3 Qa5 20. g4 Qd8 21. g5 Ne8 22. f6 g6 23. Nf3 Nc7 24. Nh2 Ne6 25. Ng4 Qa5 26. h4 Nf4 27. Nh6+ Kh8 28. Rxf4 exf4 29. e5 f3 30. Bxf3 Bb8 31. Bxb7 Bxb7 32. e6 Qc7 33. e7 Qg3+ 34. Kf1 Qh3+ 35. Ke1 Bg3+ 36. Kd1 Qh1+ 37. Kd2 Bf4+ 38. Qe3 Bxe3+ 39. Ke2 Bf3# 0-1

[Event "Jersey op"]
[Site "St Clement Bay"]
[Date "2018.04.06"]
[Round "8.18"]
[White "Bryant, Richard BE"]
[Black "Safarian, Alek"]
[Result "1/2-1/2"]
[WhiteElo "1932"]
[BlackElo "2024"]
[PlyCount "74"]
[EventDate "2018.03.31"]
[EventType "swiss"]
[EventRounds "9"]
[EventCountry "GCI"]
[SourceTitle "CBM 183 Extra"]
[Source "ChessBase"]
[SourceDate "2018.04.19"]
[SourceVersion "1"]
[SourceVersionDate "2018.04.19"]
[SourceQuality "1"]

1. e4 c5 2. Nc3 d6 3. f4 Nc6 4. Bb5 Bd7 5. Nf3 Nd4 6. Bxd7+ Qxd7 7. Nxd4 cxd4 8. Ne2 e5 9. d3 Nf6 10. 0-0 h6 11. c3 dxc3 12. Nxc3 Be7 13. Bd2 0-0 14. Rc1 Rac8 15. Qf3 Kh8 16. f5 d5 17. exd5 Rcd8 18. Qh3 Kh7 19. Ne4 Nxd5 20. g4 Nf4 21. Rxf4 exf4 22. f6 Bxf6 23. Nxf6+ gxf6 24. Bxf4 Qd4+ 25. Be3 Qxd3 26. Qxh6+ Kg8 27. Kf2 Rc8 28. Re1 Rc7 29. Kg1 Qe4 30. Qxf8+ Kxf8 31. Bc5+ Rxc5 32. Rxe4 Rc2 33. Rb4 b6 34. a4 Kg7 35. h3 Kg6 36. Rb5 Rd2 37. a5 bxa5 1/2-1/2

[Event "Jersey op"]
[Site "St Clement Bay"]
[Date "2018.04.03"]
[Round "5.18"]
[White "Jackson, Sheila"]
[Black "Safarian, Alek"]
[Result "1-0"]
[WhiteElo "2108"]
[BlackElo "2024"]
[PlyCount "117"]
[EventDate "2018.03.31"]
[EventType "swiss"]
[EventRounds "9"]
[EventCountry "GCI"]
[SourceTitle "CBM 183 Extra"]
[Source "ChessBase"]
[SourceDate "2018.04.19"]
[SourceVersion "1"]
[SourceVersionDate "2018.04.19"]
[SourceQuality "1"]

1. e4 c5 2. Nc3 d6 3. Nf3 Nc6 4. Bc4 g6 5. d4 cxd4 6. Nxd4 Bg7 7. Be3 Nf6 8. f3 0-0 9. Qd2 Bd7 10. Nxc6 bxc6 11. g4 Qc7 12. g5 Nh5 13. 0-0 Rab8 14. Rab1 Bh3 15. Rfd1 Rfd8 16. Bb3 Bc8 17. Qf2 c5 18. Nd5 Qb7 19. Bxc5 a5 20. Bb6 Re8 21. Bxa5 e6 22. Ba4 exd5 23. Bxe8 Nf4 24. Qe3 Nh3+ 25. Kg2 d4 26. Qb3 Qe7 27. Qxf7+ Qxf7 28. Bxf7+ Kxf7 29. Bc7 Rb5 30. Bxd6 Rxg5+ 31. Bg3 h5 32. Kh1 Be5 33. Bh4 Ba6 34. Bxg5 Nxg5 35. Kg2 Be2 36. Rf1 Bf4 37. Rf2 Bc4 38. b3 Be6 39. a4 Bh3+ 40. Kh1 Be3 41. Rbf1 Bd7 42. Re2 Bf4 43. Rg2 Ne6 44. h4 g5 45. hxg5 Nxg5 46. Rxg5 Bxg5 47. f4 Bh4 48. Kg2 Bd8 49. Rd1 Bb6 50. a5 Ba7 51. b4 Ba4 52. Rd2 Ke6 53. Kf3 Be8 54. Rh2 Kf6 55. b5 Bxb5 56. Rxh5 Ba4 57. Rh7 Bc5 58. Rc7 Bf8 59. Rc4 1-0

[Event "Jersey op"]
[Site "St Clement Bay"]
[Date "2018.04.02"]
[Round "4.15"]
[White "Safarian, Alek"]
[Black "Rudd, Jack"]
[Result "0-1"]
[WhiteElo "2024"]
[BlackElo "2276"]
[PlyCount "62"]
[EventDate "2018.03.31"]
[EventType "swiss"]
[EventRounds "9"]
[EventCountry "GCI"]
[SourceTitle "CBM 183 Extra"]
[Source "ChessBase"]
[SourceDate "2018.04.19"]
[SourceVersion "1"]
[SourceVersionDate "2018.04.19"]
[SourceQuality "1"]

1. d4 d6 2. c4 e5 3. e3 c6 4. Nc3 Nd7 5. Bd3 g6 6. d5 f5 7. Nge2 Bg7 8. 0-0 Ne7 9. Bc2 Nf6 10. dxc6 bxc6 11. e4 Be6 12. exf5 gxf5 13. b3 0-0 14. f4 Qb6+ 15. Kh1 Rad8 16. Na4 Qc7 17. Bb2 Ng6 18. Qe1 Nh5 19. Rd1 Bc8 20. fxe5 dxe5 21. Qf2 f4 22. Qc5 Bg4 23. Rxd8 Qxd8 24. Ng1 Qh4 25. Nf3 Ng3+ 26. Kg1 Ne2+ 27. Kh1 Bxf3 28. gxf3 Ng3+ 29. Kg2 Nxf1 30. Kxf1 Qxh2 31. Be4 Rd8 0-1

[Event "Gibraltar Masters 16th"]
[Site "Caleta"]
[Date "2018.01.29"]
[Round "7"]
[White "Verneuil, Pascal"]
[Black "Safarian, Alek"]
[Result "1-0"]
[WhiteElo "2159"]
[BlackElo "2006"]
[PlyCount "35"]
[EventDate "2018.01.23"]
[EventType "swiss"]
[EventRounds "10"]
[EventCountry "GGB"]
[SourceTitle "CBM 183"]
[Source "ChessBase"]
[SourceDate "2018.03.14"]
[SourceVersion "1"]
[SourceVersionDate "2018.03.14"]
[SourceQuality "1"]

1. e4 c5 2. Nc3 g6 3. d4 cxd4 4. Qxd4 Nf6 5. Bb5 a6 6. e5 axb5 7. exf6 e6 8. Nf3 Nc6 9. Qf4 b4 10. Nb5 d6 11. 0-0 e5 12. Qh4 Bf5 13. Bh6 Rg8 14. Bxf8 Rxf8 15. Rad1 Bxc2 16. Nxd6+ Kd7 17. Nxb7+ Bxd1 18. Rxd1+ 1-0

[Event "Gibraltar Masters 16th"]
[Site "Caleta"]
[Date "2018.01.28"]
[Round "6"]
[White "Safarian, Alek"]
[Black "Lochte, Szilvia"]
[Result "1-0"]
[WhiteElo "2006"]
[BlackElo "1862"]
[PlyCount "68"]
[EventDate "2018.01.23"]
[EventType "swiss"]
[EventRounds "10"]
[EventCountry "GGB"]
[SourceTitle "CBM 183"]
[Source "ChessBase"]
[SourceDate "2018.03.14"]
[SourceVersion "1"]
[SourceVersionDate "2018.03.14"]
[SourceQuality "1"]

1. d4 d5 2. c4 c6 3. Nc3 Nf6 4. e3 Bf5 5. Nf3 e6 6. h3 h6 7. Bd3 Bxd3 8. Qxd3 Nbd7 9. 0-0 Be7 10. b3 0-0 11. Bb2 Qc7 12. Rac1 a5 13. Rfd1 Rad8 14. a3 Qb8 15. e4 dxe4 16. Nxe4 Qf4 17. Nc3 Nc5 18. Qc2 Nce4 19. Re1 Ng5 20. Nxg5 Qxg5 21. Rcd1 Bd6 22. Ne4 Nxe4 23. Rxe4 Qf5 24. Qe2 Be7 25. Re5 Qf4 26. g3 Qf6 27. d5 Bc5 28. Re4 Qf5 29. Rg4 g6 30. Rf4 Qxh3 31. Qf3 Qh5 32. g4 Qh4 33. Bf6 g5 34. Bxd8 gxf4 1-0

[Event "Gibraltar Masters 16th"]
[Site "Caleta"]
[Date "2018.01.26"]
[Round "4"]
[White "Safarian, Alek"]
[Black "Semprun Martinez, Fernando M"]
[Result "1/2-1/2"]
[WhiteElo "2006"]
[BlackElo "2209"]
[PlyCount "125"]
[EventDate "2018.01.23"]
[EventType "swiss"]
[EventRounds "10"]
[EventCountry "GGB"]
[SourceTitle "CBM 183"]
[Source "ChessBase"]
[SourceDate "2018.03.14"]
[SourceVersion "1"]
[SourceVersionDate "2018.03.14"]
[SourceQuality "1"]

1. c4 e5 2. Nc3 d6 3. e3 f5 4. d4 e4 5. Nh3 Nf6 6. Be2 Be7 7. 0-0 0-0 8. b4 c6 9. Qb3 Na6 10. d5 c5 11. b5 Nc7 12. Bb2 Nd7 13. Nf4 Ne5 14. Na4 b6 15. f3 exf3 16. gxf3 Qe8 17. Rf2 Bf6 18. Kh1 Qf7 19. Rc1 Bd7 20. Qc2 Rae8 21. Rg2 Re7 22. Bc3 Ne8 23. Nb2 Kh8 24. Bd2 Bc8 25. a4 a5 26. bxa6 Ra7 27. Qb3 Rxa6 28. Qb5 Nc7 29. Qb3 Bd7 30. Bd1 Rfa8 31. Bc3 Ne8 32. Bxe5 dxe5 33. Nfd3 Nd6 34. Bc2 g6 35. a5 e4 36. fxe4 fxe4 37. Nf2 Qe7 38. Na4 Bxa4 39. Qxa4 Rxa5 40. Qc6 R5a6 41. Nxe4 Nxe4 42. Bxe4 Be5 43. Bf3 Bd6 44. Qb5 Qxe3 45. Qb2+ Be5 46. Qe2 Qf4 47. Re1 Ra1 48. Rgg1 Rxe1 49. Rxe1 Bd6 50. Bg4 h5 51. Bxh5 Kg7 52. Rf1 Qxh2+ 53. Qxh2 Bxh2 54. Bxg6 Kxg6 55. Kxh2 Ra4 56. d6 Ra2+ 57. Kg3 Rd2 58. Kf4 Rxd6 59. Ke5 Rd4 60. Rf6+ Kg5 61. Rxb6 Rxc4 62. Kd5 Rc1 63. Rc6 1/2-1/2

[Event "Begonia op 49th"]
[Site "Ballarat"]
[Date "2015.03.07"]
[Round "6"]
[White "Hain, Anthony"]
[Black "Safarian, Alek"]
[Result "0-1"]
[WhiteElo "1901"]
[BlackElo "1997"]
[PlyCount "34"]
[EventDate "2015.03.07"]
[EventType "swiss"]
[EventRounds "7"]
[EventCountry "AUS"]
[SourceTitle "EXT 2019"]
[Source "ChessBase"]
[SourceDate "2018.10.10"]
[SourceVersion "1"]
[SourceVersionDate "2018.10.10"]
[SourceQuality "1"]

1. b4 e5 2. Bb2 Bxb4 3. Bxe5 Nf6 4. Nf3 d5 5. e3 0-0 6. Be2 Bd6 7. Bxd6 Qxd6 8. d4 Ne4 9. 0-0 c5 10. c4 dxc4 11. Bxc4 Bg4 12. h3 Bh5 13. Qc2 Bxf3 14. gxf3 Ng5 15. Qf5 Qh6 16. dxc5 Nc6 17. Kg2 g6 0-1

[Event "Doeberl Cup Premier 51st"]
[Site "Canberra"]
[Date "2013.04.01"]
[Round "9"]
[White "Zulfic, Fedja"]
[Black "Safarian, Alek"]
[Result "1-0"]
[WhiteElo "2142"]
[BlackElo "2023"]
[PlyCount "53"]
[EventDate "2013.03.28"]
[EventType "swiss"]
[EventRounds "9"]
[EventCountry "AUS"]
[SourceTitle "EXT 2023"]
[Source "ChessBase"]
[SourceDate "2022.10.05"]
[SourceVersion "1"]
[SourceVersionDate "2022.10.05"]
[SourceQuality "1"]

1. e4 d5 2. exd5 Nf6 3. d4 Nxd5 4. Nf3 g6 5. Be2 Bg7 6. 0-0 0-0 7. c4 Nf6 8. Nc3 c5 9. d5 e6 10. Bg5 exd5 11. cxd5 Nbd7 12. Qb3 Qb6 13. Qa3 a6 14. Rad1 Qd6 15. g3 b6 16. Rfe1 Qb8 17. Bf1 b5 18. b4 c4 19. Bg2 Bb7 20. Nd4 Nb6 21. Nc6 Qd6 22. Bf4 Qd7 23. Re7 Bxc6 24. Rxd7 Bxd7 25. d6 Ra7 26. Be3 Rb8 27. Qa5 1-0

[Event "Queenstown op"]
[Site "Queenstown"]
[Date "2012.01.21"]
[Round "7"]
[White "Safarian, Alek"]
[Black "Selnes, Hamish"]
[Result "1/2-1/2"]
[WhiteElo "2036"]
[BlackElo "1904"]
[PlyCount "85"]
[EventDate "2012.01.15"]
[EventType "swiss"]
[EventRounds "9"]
[EventCountry "NZL"]
[SourceTitle "CBM 146 Extra"]
[Source "ChessBase"]
[SourceDate "2012.02.29"]
[SourceVersion "1"]
[SourceVersionDate "2012.02.29"]
[SourceQuality "1"]

1. d4 Nf6 2. c4 g6 3. Nc3 d5 4. cxd5 Nxd5 5. Na4 Bg7 6. e4 Nb6 7. Be3 0-0 8. Nc5 N6d7 9. Rc1 b6 10. Nb3 Na6 11. Qc2 c5 12. Rd1 Qc7 13. Nf3 Bb7 14. d5 Ne5 15. Be2 Nxf3+ 16. Bxf3 Nb4 17. Qb1 c4 18. Nd4 Nd3+ 19. Kf1 a6 20. b3 Ne5 21. Be2 cxb3 22. Qxb3 b5 23. Rc1 Qd7 24. f3 Rac8 25. Kf2 Rxc1 26. Rxc1 Rc8 27. Rc2 Rxc2 28. Qxc2 Qc8 29. Qxc8+ Bxc8 30. f4 Nd7 31. Nc6 Kf8 32. Bd2 e6 33. Ke3 exd5 34. exd5 Ke8 35. Ba5 Nc5 36. Bb6 Na4 37. Bd4 Bf8 38. h4 h5 39. Bd1 Nc5 40. Bc2 Nb7 41. Ne5 Nd6 42. Nf3 Nf5+ 43. Ke4 1/2-1/2

[Event "Queenstown op"]
[Site "Queenstown"]
[Date "2012.01.17"]
[Round "3"]
[White "Safarian, Alek"]
[Black "Gloistein, Bruce H"]
[Result "1-0"]
[WhiteElo "2036"]
[BlackElo "1787"]
[PlyCount "37"]
[EventDate "2012.01.15"]
[EventType "swiss"]
[EventRounds "9"]
[EventCountry "NZL"]
[SourceTitle "CBM 146 Extra"]
[Source "ChessBase"]
[SourceDate "2012.02.29"]
[SourceVersion "1"]
[SourceVersionDate "2012.02.29"]
[SourceQuality "1"]

1. d4 d5 2. c4 e6 3. Nf3 Nf6 4. Nc3 Be7 5. Qc2 0-0 6. e3 c6 7. Bd3 dxc4 8. Bxc4 Nd5 9. 0-0 f5 10. Re1 b5 11. Bb3 Kh8 12. e4 Nf6 13. exf5 exf5 14. Ne5 b4 15. Na4 Nd5 16. Nxc6 Nxc6 17. Qxc6 Bd7 18. Qxd5 Bxa4 19. Qxd8 1-0

[Event "Oceania zt"]
[Site "Rotorua"]
[Date "2011.01.30"]
[Round "8"]
[White "Schon, Eugene"]
[Black "Safarian, Alek"]
[Result "1-0"]
[WhiteElo "2157"]
[BlackElo "2013"]
[PlyCount "71"]
[EventDate "2011.01.25"]
[EventType "swiss"]
[EventRounds "9"]
[EventCountry "NZL"]
[SourceTitle "CBM 140 Extra"]
[Source "ChessBase"]
[SourceDate "2011.03.01"]
[SourceVersion "1"]
[SourceVersionDate "2011.03.01"]
[SourceQuality "1"]

1. e4 c5 2. Nf3 Nc6 3. d4 cxd4 4. Nxd4 e6 5. Nc3 Nf6 6. Ndb5 a6 7. Nd6+ Bxd6 8. Qxd6 Qe7 9. Bf4 Nh5 10. Qxe7+ Kxe7 11. Be3 Rd8 12. Bb6 Re8 13. 0-0-0 d6 14. Bc7 Kf8 15. Bxd6+ Kg8 16. Be2 Nf6 17. e5 Nd7 18. f4 f5 19. exf6 Nxf6 20. Bf3 Ne7 21. g3 Nf5 22. Bc5 Rb8 23. Ba7 Ra8 24. Bf2 Rb8 25. Rhe1 g6 26. g4 Ng7 27. Ba7 Ra8 28. Bd4 e5 29. fxe5 Nxg4 30. Nd5 Rf8 31. Nf6+ Nxf6 32. exf6 Ne6 33. Bd5 Kf7 34. Bc5 Re8 35. Be7 Rb8 36. Bb3 1-0

[Event "Oceania zt"]
[Site "Rotorua"]
[Date "2011.01.29"]
[Round "7"]
[White "Morris, James"]
[Black "Safarian, Alek"]
[Result "0-1"]
[WhiteElo "2270"]
[BlackElo "2013"]
[PlyCount "42"]
[EventDate "2011.01.25"]
[EventType "swiss"]
[EventRounds "9"]
[EventCountry "NZL"]
[SourceTitle "CBM 140 Extra"]
[Source "ChessBase"]
[SourceDate "2011.03.01"]
[SourceVersion "1"]
[SourceVersionDate "2011.03.01"]
[SourceQuality "1"]

1. e4 b6 2. d4 Bb7 3. Bd3 e5 4. dxe5 Nc6 5. f4 Bc5 6. Nf3 d6 7. exd6 Qxd6 8. Nc3 0-0-0 9. a3 Nh6 10. e5 Rhe8 11. Ne4 Qe7 12. b4 Bd4 13. c3 Bxe5 14. 0-0 f5 15. Nf2 Bxc3 16. Ra2 Nd4 17. Nxd4 Bxd4 18. Qb3 Bd5 19. Bc4 Bxc4 20. Qxc4 Ng4 21. Qc6 Kb8 0-1

[Event "Kuala Lumpur op 7th"]
[Site "Kuala Lumpur"]
[Date "2010.09.05"]
[Round "7"]
[White "Safarian, Alek"]
[Black "Anasrullah"]
[Result "0-1"]
[WhiteElo "2026"]
[BlackElo "2143"]
[PlyCount "92"]
[EventDate "2010.09.01"]
[EventType "swiss"]
[EventRounds "9"]
[EventCountry "MAS"]
[SourceTitle "CBM 138 Extra"]
[Source "ChessBase"]
[SourceDate "2010.10.29"]
[SourceVersion "1"]
[SourceVersionDate "2010.10.29"]
[SourceQuality "1"]

1. d4 Nf6 2. c4 e6 3. Nf3 Bb4+ 4. Bd2 Qe7 5. Nc3 b6 6. g3 Ba6 7. b3 Bb7 8. Bg2 c5 9. 0-0 0-0 10. a3 Ba5 11. dxc5 bxc5 12. Nd5 exd5 13. Bxa5 Nc6 14. Bc3 d4 15. Bb2 Ne5 16. Nxe5 Bxg2 17. Kxg2 Qxe5 18. Qd3 Rab8 19. Rfd1 d5 20. f3 Rfe8 21. Rd2 dxc4 22. Qxc4 Nd5 23. Qd3 Ne3+ 24. Kh1 Qe6 25. b4 Qh3 26. Rg1 Nf1 27. e4 Nxd2 28. Qxd2 Qh5 29. Rf1 Red8 30. bxc5 Qxc5 31. Rc1 Qb6 32. Ba1 Qb3 33. Kg2 Qxa3 34. Rd1 Rd7 35. Qg5 h6 36. Qe5 Rbd8 37. Kh3 Qe3 38. f4 h5 39. Rb1 Qf3 40. f5 Qg4+ 41. Kg2 h4 42. Rb8 h3+ 43. Kf2 Rxb8 44. Qxb8+ Kh7 45. Qe8 d3 46. Ke3 d2 0-1